000 00584nam a22001817a 4500
999 _c173902
_d173902
005 20200312105540.0
010 _aA-603568
020 _c11.00
035 _aA-603568
037 _bBPPD/Pub.
082 _a615.54
100 _aالطاف احمد اعظمی
245 _aمبادیات طب پر ایک تحقیقی نظر /
_cالطاف احمد اعظمی
246 _aMabadiyat-e-Tib Per Ek Tehqeeqi Nazar /
_bby Altaf Ahmad Azmi
260 _aNew Delhi
_bTaraqqi Urdu Bureau
_c1912 ء
300 _a179p.
_c22cm(Hb)
942 _2ddc
_cUR
_h615.54
_mا ل ط